| 000 -LEADER |
| fixed length control field |
01011nam a22002297a 4500 |
| 005 - DATE AND TIME OF LATEST TRANSACTION |
| control field |
20210416181532.0 |
| 008 - FIXED-LENGTH DATA ELEMENTS--GENERAL INFORMATION |
| fixed length control field |
190711c2019 en ||||| |||| 00| 0 eng d |
| 020 ## - INTERNATIONAL STANDARD BOOK NUMBER |
| International Standard Book Number |
0022281X |
| 040 ## - CATALOGING SOURCE |
| Original cataloging agency |
eng |
| 245 ## - TITLE STATEMENT |
| Title |
jml : Journal of Modern Literature / |
| Statement of responsibility, etc. |
Editors: Robert L. Caserio, Paula Marantz Cohen, Janet Lyon, Daniel T. O'Hara, Jean-Michel Rabaté and Jennifer Yusin. |
| 264 ## - PRODUCTION, PUBLICATION, DISTRIBUTION, MANUFACTURE, AND COPYRIGHT NOTICE |
| Place of production, publication, distribution, manufacture |
USA : |
| Name of producer, publisher, distributor, manufacturer |
Indiana University Press, |
| Date of production, publication, distribution, manufacture, or copyright notice |
2020. |
| 300 ## - PHYSICAL DESCRIPTION |
| Extent |
V. |
| 653 ## - INDEX TERM--UNCONTROLLED |
| keyword |
Journal of Modern Literature |
| 653 ## - INDEX TERM--UNCONTROLLED |
| keyword |
თანამედროვე ლიტერატურის ჟურნალი |
| 653 ## - INDEX TERM--UNCONTROLLED |
| keyword |
პერიოდიკა |
| 700 ## - ADDED ENTRY--PERSONAL NAME |
| Personal name |
Caserio, Robert L |
| Relator term |
რედაქტორი |
| 9 (RLIN) |
3213 |
| 700 ## - ADDED ENTRY--PERSONAL NAME |
| Personal name |
Cohen, Paula Marantz |
| Relator term |
რედაქტორი |
| 9 (RLIN) |
3214 |
| 700 ## - ADDED ENTRY--PERSONAL NAME |
| Personal name |
Janet Lyon, Daniel T |
| Relator term |
რედაქტორი |
| 9 (RLIN) |
3215 |
| 700 ## - ADDED ENTRY--PERSONAL NAME |
| Personal name |
O'Hara, Jean-Michel Rabaté |
| Relator term |
რედაქტორი |
| 9 (RLIN) |
3216 |
| 700 ## - ADDED ENTRY--PERSONAL NAME |
| Personal name |
Yusin, Jennifer |
| Relator term |
რედაქტორი |
| 9 (RLIN) |
3217 |
| 942 ## - ADDED ENTRY ELEMENTS (KOHA) |
| Source of classification or shelving scheme |
|
| Koha item type |
პერიოდიკა |